000 00727nam a2200289Ia 4500
005 20260324115323.0
008 008 260324s9999 xx 000 0 eng d
020 _a9781315120218
037 _aEBOOK
040 _aCRL
040 _beng
040 _cCRL
041 _2eng
041 _aeng
084 _qCRL
100 _aAmit Tiwary; Bhuvan Unhelkar
_91154210
245 0 _aOutcome-Driven Business Architecture
245 0 _bSynergizing Strategies and Intelligence with Architecture
260 _bTaylor and Francis
260 _c2018
365 _a
365 _b260
856 _uhttp://www.taylorfrancis.com/books/9781315120218
942 _cEBOOK
999 _c1745006
_d1745006